000 00873nam a2200277Ia 4500
003 OSt
005 20221006143611.0
006 a|||||r|||| 00| 0
007 ta
008 221006b |||||||| |||| 00| 0 eng d
020 _a4924971006
_c¥33.00
024 _a9,424
037 _bGift, Japan Foundation
_cTextual
040 _aEASL
_cEASL
_beng
041 _2eng
_aeng
082 _aX.42.N94, N4
100 _aTAKAFUSA Nakamura
_9650116
245 0 _aLectures on modern Japanese economic history 1926-1994
260 _aTokyo
_bLTCB International Library Foundation Japan
_c1994
300 _axiii,326p.
_ccm.
490 _aLCTB International Library Selection, No. 1
650 _a globalization - economic
_9650117
650 _aJEL
942 _hX.42.N94, N4
_cTEXL
_2CC
999 _c1077510
_d1077510